000 01251cam a2200325 a 4500
942 _cBK
999 _c698
_d698
001 15119785
003 OSt
005 20250420134821.0
008 071220s2009 maua b 001 0 eng
010 _a 2007052271
020 _a9781292061238
035 _a(OCoLC)ocn181068492
035 _a(OCoLC)181068492
040 _aDLC
_cKCST
050 0 0 _aQA76.9.M65
_bQ56 2009
082 0 0 _a174.9004
_222
_bQu Et
100 1 _aQuinn, Michael J.
_q(Michael Jay)
_95362
245 1 0 _aEthics for the information age /
_cMichael J. Quinn.
250 _a6th
260 _aEssex, England:
_bPearson,
_c2015.
300 _axxiv, 550 p. :
_bill. ;
_c24 cm.
504 _aIncludes bibliographical references and index.
505 0 _aCatalysts for change -- Introduction to ethics -- Networked communications -- Intellectual property -- Privacy and the government-- Computer and network security -- Computer reliability -- Professional ethics -- Work and wealth.
650 0 _aElectronic data processing
_xMoral and ethical aspects.
_95363
650 0 _aInformation technology
_xMoral and ethical aspects.
_95364
650 0 _aComputer networks
_xMoral and ethical aspects.
_95365
650 0 _aComputers and civilization.
_95366
942 _2ddc